Statistics for Every Adelé song that hit the Billboard hot 100

Click here to take the quiz!

General Stats

  • This quiz has been taken 236 times
  • The average score is 9 of 13

Answer Stats

Peak Chart PositionYearSong% Correct
12015Hello
98%
12011Rolling In The Deep
96%
12011Someone Like You
89%
12012Set Fire To The Rain
82%
212009Chasing Pavements
76%
82012Skyfall
71%
82016Send My Love (To Your New Lover)
68%
142016When We Were Young
66%
632011Turning Tables
51%
772016All I Ask
49%
162012Rumour Has It
49%
262017Water Under The Bridge
46%
872015Remedy
26%

Score Distribution

Percentile by Number Answered

Percent of People with Each Score

Your Score History

You have not taken this quiz